[Event "Copenhagen Obro CXU New Year op"]
[Site "Copenhagen"]
[Date "2024.12.30"]
[Round "7"]
[White "Ahl, Eskil Rosenlund"]
[Black "Ramsdal, Lasse Andreas"]
[Result "1/2-1/2"]
[WhiteElo "1773"]
[BlackElo "1862"]
[PlyCount "56"]
[EventDate "2024.12.27"]
[EventType "swiss"]
[EventRounds "7"]
[EventCountry "DEN"]
[SourceTitle "CB01_2025"]
[SourceDate "2025.01.01"]
[SourceVersion "1"]
[SourceVersionDate "2025.01.01"]
[SourceQuality "1"]

1. e4 c5 2. Nf3 d6 3. d3 Nc6 4. Nbd2 Bd7 5. g3 g6 6. Bg2 Bg7 7. c3 Ne5 8. Nxe5 dxe5 9. 0-0 Bb5 10. Nc4 e6 11. Qb3 Bc6 12. Be3 b6 13. Rfd1 Qd7 14. a4 Ne7 15. a5 b5 16. Na3 b4 17. cxb4 Ba4 18. Qc4 Bxd1 19. Rxd1 cxb4 20. Qxb4 0-0 21. Nc4 Nc6 22. Qc3 Rac8 23. Bc5 Nd4 24. Bxd4 Qxd4 25. Qxd4 exd4 26. f4 e5 27. fxe5 Rc5 28. Bh3 Re8 1/2-1/2